[Event "8th Essent op"]
[Site "Hoogeveen NED"]
[Date "2004.10.18"]
[Round "4.23"]
[White "Brady, Stephen"]
[Black "Ris, Robert"]
[Result "1/2-1/2"]
[WhiteElo "2342"]
[BlackElo "2300"]
[EventDate "2004.10.15"]
[PlyCount "93"]

1.e4 e5 2.Nf3 Nc6 3.d4 exd4 4.Nxd4 Nf6 5.Nxc6 bxc6 6.e5 Qe7 7.Qe2 Nd5 8.c4
Nb6 9.Nc3 Qe6 10.Qe4 Bb4 11.Bd2 Ba6 12.b3 Bxc3 13.Bxc3 d5 14.cxd5 cxd5 15.
Qb4 Bxf1 16.Rxf1 Rc8 17.f4 c5 18.Qb5+ Qc6 19.Qxc6+ Rxc6 20.Rc1 Kd7 21.Kf2 
Rhc8 22.Rfd1 Ke6 23.Kf3 g5 24.g3 h6 25.Be1 gxf4 26.gxf4 Kf5 27.Bf2 d4 28.
Rg1 d3 29.Rgd1 c4 30.Bxb6 axb6 31.Rxc4 Rxc4 32.bxc4 Rxc4 33.Rxd3 Rxf4+ 34.
Kg3 Kxe5 35.Re3+ Re4 36.Rb3 Ra4 37.Rb5+ Ke4 38.Rxb6 Ra3+ 39.Kh4 f5 40.Rxh6
Rxa2 41.Rb6 Rxh2+ 42.Kg3 Ra2 43.Re6+ Kd5 44.Re8 Ra4 45.Kf3 Re4 46.Rf8 Ke5 
47.Re8+ 1/2-1/2

[Event "8th Essent op"]
[Site "Hoogeveen NED"]
[Date "2004.10.18"]
[Round "4.24"]
[White "Pel, Bonno"]
[Black "Van Leent, Dmitri"]
[Result "1-0"]
[WhiteElo "2312"]
[BlackElo "2244"]
[EventDate "2004.10.15"]
[PlyCount "73"]

1.Nc3 Nf6 2.e4 e5 3.Nf3 Nc6 4.g3 d5 5.exd5 Nxd5 6.Bg2 Nxc3 7.bxc3 Bc5 8.
O-O O-O 9.d3 Bg4 10.Qe1 f6 11.h3 Bh5 12.Rb1 Bb6 13.Ba3 Re8 14.Nh4 Qd7 15.
Qe4 Rad8 16.c4 Nd4 17.c5 Ba5 18.Qxb7 Qa4 19.Bb2 Ne2+ 20.Kh2 Qxc2 21.Qxa7 
Bd2 22.Qxc7 Qxd3 23.Ba1 Rc8 24.Qb7 Rxc5 25.Be4 Qd8 26.Rfd1 Qa5 27.Nf5 Bf7 
28.Nd6 Rc7 29.Qb2 Qc5 30.Rxd2 Qxf2+ 31.Bg2 Qxg3+ 32.Kh1 Bg6 33.Rxe2 Bxb1 
34.Nxe8 Rd7 35.Qxb1 Qf4 36.Bc3 h5 37.Qg6 1-0

[Event "8th Essent op"]
[Site "Hoogeveen NED"]
[Date "2004.10.18"]
[Round "4.25"]
[White "De Vreugt, Dennis"]
[Black "Hulshof, Peter"]
[Result "1-0"]
[WhiteElo "2466"]
[BlackElo "2209"]
[EventDate "2004.10.15"]
[PlyCount "63"]

1.e4 g6 2.d4 Bg7 3.Nc3 c6 4.f4 d5 5.e5 h5 6.Be3 Nh6 7.h3 Nf5 8.Bf2 h4 9.
Nf3 e6 10.Bd3 Bf8 11.O-O b6 12.b3 Ba6 13.Na4 Bxd3 14.Qxd3 Nd7 15.c4 Ba3 
16.Rab1 a5 17.Nc3 O-O 18.Nd1 Kg7 19.Ne3 Rh8 20.Nxf5+ gxf5 21.Nxh4 Nf8 22.
Nf3 Ng6 23.Qe3 Qg8 24.Ne1 Qh7 25.c5 bxc5 26.dxc5 Bxc5 27.Qxc5 Nxf4 28.Qe3 
Nxg2 29.Nxg2 Rag8 30.Bh4 Kf8 31.Qc5+ Ke8 32.Qe7# 1-0

[Event "8th Essent op"]
[Site "Hoogeveen NED"]
[Date "2004.10.18"]
[Round "4.26"]
[White "Van Geffen, Ben"]
[Black "De Jong, Migchiel"]
[Result "1/2-1/2"]
[WhiteElo "2181"]
[BlackElo "2316"]
[EventDate "2004.10.15"]
[PlyCount "52"]

1.e4 c5 2.Nf3 e6 3.d4 cxd4 4.Nxd4 a6 5.Nc3 Qc7 6.g3 Bb4 7.Ne2 Be7 8.Bg2 d6
9.O-O Nf6 10.h3 Nc6 11.Be3 b5 12.g4 h6 13.Qd2 Bb7 14.a3 Ne5 15.b3 g5 16.
Rad1 O-O-O 17.Nd4 Kb8 18.f4 gxf4 19.Rxf4 Rc8 20.Ndxb5 axb5 21.Nxb5 Qc6 22.
Bf1 Bd8 23.Qd4 Qc5 24.Qd2 Qc6 25.Qd4 Qc5 26.Qd2 Qc6 1/2-1/2

[Event "8th Essent op"]
[Site "Hoogeveen NED"]
[Date "2004.10.18"]
[Round "4.27"]
[White "Bensdorp, Marlies"]
[Black "O'Cinneide, Mel"]
[Result "1-0"]
[WhiteElo "2214"]
[BlackElo "2268"]
[EventDate "2004.10.15"]
[PlyCount "87"]

1.d4 Nf6 2.c4 e6 3.Nc3 Bb4 4.Qc2 O-O 5.a3 Bxc3+ 6.Qxc3 Ne4 7.Qc2 f5 8.e3 
d6 9.Nh3 e5 10.f3 Nf6 11.dxe5 dxe5 12.Nf2 Nc6 13.Bd2 a5 14.Rd1 Qe7 15.Be2 
Be6 16.O-O Rfd8 17.Rfe1 Qc5 18.Qc3 a4 19.Nd3 Qd6 20.Bc1 Bf7 21.Nb4 Qc5 22.
Nxc6 bxc6 23.Rxd8+ Rxd8 24.Qc2 e4 25.Qxa4 exf3 26.Bxf3 Ne4 27.Rd1 Rb8 28.
Rd4 Re8 29.Qc2 Ng5 30.Be2 Ne6 31.Rd1 f4 32.b4 Qg5 33.e4 Bg6 34.Bf3 Qe7 35.
Bb2 Ng5 36.Qf2 Nxe4 37.Qd4 Ng5 38.Bxc6 Rf8 39.Qe5 Qxe5 40.Bxe5 Bf7 41.Bxf4
Ne6 42.Be5 Rd8 43.Rxd8+ Nxd8 44.Bd5 1-0

[Event "8th Essent op"]
[Site "Hoogeveen NED"]
[Date "2004.10.18"]
[Round "4.28"]
[White "Wempe, Joost"]
[Black "Rooda, Kai P"]
[Result "1-0"]
[WhiteElo "2263"]
[BlackElo "2165"]
[EventDate "2004.10.15"]
[PlyCount "67"]

1.d4 Nc6 2.e4 d5 3.Nc3 Nf6 4.e5 Nd7 5.Nxd5 Ndb8 6.Nc3 Qxd4 7.Be3 Qxe5 8.
Nf3 Qa5 9.Be2 Bf5 10.a3 e6 11.O-O Bg6 12.Bb5 a6 13.b4 Bxb4 14.axb4 Qxb4 
15.Qd4 O-O 16.Qc5 Rd8 17.Ba4 Qxc5 18.Bxc5 Nd7 19.Be3 b5 20.Bb3 Nb4 21.Na2 
Nd5 22.Bxd5 exd5 23.Nb4 c5 24.Nxd5 Bxc2 25.Rfc1 Be4 26.Nc7 Rac8 27.Nxa6 c4
28.Nd4 Bc6 29.Nb4 Ne5 30.f4 Ng4 31.Nbxc6 Nxe3 32.Nxd8 b4 33.N8c6 b3 34.
Nxb3 1-0

[Event "8th Essent op"]
[Site "Hoogeveen NED"]
[Date "2004.10.18"]
[Round "4.29"]
[White "Potze, Rudolf"]
[Black "Porat, Ido"]
[Result "1/2-1/2"]
[WhiteElo "2129"]
[BlackElo "2260"]
[EventDate "2004.10.15"]
[PlyCount "155"]

1.e4 e5 2.Nf3 Nf6 3.Nxe5 d6 4.Nf3 Nxe4 5.d4 d5 6.Bd3 Nc6 7.O-O Be7 8.c4 
Nb4 9.Be2 Bf5 10.a3 Nc6 11.Nc3 Nxc3 12.bxc3 O-O 13.Re1 Re8 14.Bf4 dxc4 15.
Bxc4 Bd6 16.Bxd6 Rxe1+ 17.Qxe1 Qxd6 18.Qe2 Kf8 19.a4 Re8 20.Qa2 Qf6 21.a5 
Bg4 22.Bd5 Nd8 23.Ne5 Be6 24.Re1 c6 25.Bxe6 Rxe6 26.Re3 Qe7 27.f4 Qd6 28.
f5 Re7 29.Nc4 Qd5 30.Qa3 c5 31.Rxe7 Kxe7 32.Ne3 Qc6 33.c4 Kd7 34.d5 Qd6 
35.Qa4+ Ke7 36.Qd1 Qe5 37.Qd3 f6 38.Kf2 Nf7 39.Ng4 Qf4+ 40.Qf3 Qxc4 41.
Qe3+ Kf8 42.Qe6 Qf4+ 43.Ke1 Qb4+ 44.Kf2 Qf4+ 45.Ke1 Qa4 46.Kf2 Qe8 47.Ne3 
Qxe6 48.dxe6 Nd6 49.g4 Ke8 50.Ke2 Kd8 51.Kd3 Kc7 52.h4 h6 53.Nd5+ Kc6 54.
Nf4 Kb5 55.e7 Ne8 56.Ne6 Kxa5 57.g5 c4+ 58.Kxc4 hxg5 59.hxg5 fxg5 60.Nxg7 
Nf6 61.e8=Q Nxe8 62.Nxe8 g4 63.f6 g3 64.f7 g2 65.f8=Q b5+ 66.Kb3 g1=Q 67.
Qa3+ Kb6 68.Qd6+ Ka5 69.Qc7+ Qb6 70.Qc3+ Ka6 71.Qc8+ Qb7 72.Nc7+ Kb6 73.
Na8+ Ka6 74.Qe6+ Ka5 75.Qe1+ b4 76.Qe5+ Ka6 77.Nc7+ Kb6 78.Qd6+ 1/2-1/2

[Event "8th Essent op"]
[Site "Hoogeveen NED"]
[Date "2004.10.18"]
[Round "4.30"]
[White "Ruijgrok, Dennis"]
[Black "Hensbergen, Willem"]
[Result "1-0"]
[WhiteElo "2255"]
[BlackElo "2126"]
[EventDate "2004.10.15"]
[PlyCount "71"]

1.e4 Nf6 2.e5 Nd5 3.d4 d6 4.c4 Nb6 5.exd6 cxd6 6.Nc3 g6 7.Be3 Bg7 8.Rc1 
O-O 9.b3 e5 10.dxe5 dxe5 11.Qxd8 Rxd8 12.c5 N6d7 13.Bc4 Nc6 14.Nge2 h6 15.
O-O Nf8 16.Rfd1 Be6 17.Bxe6 Nxe6 18.Nd5 Ncd4 19.Bxd4 Rxd5 20.Be3 Rxd1+ 21.
Rxd1 Bf8 22.Rd5 Rd8 23.Rxd8 Nxd8 24.Nc3 f5 25.f3 Kf7 26.Kf1 Ke6 27.Ke2 Kd7
28.Kd3 Kc6 29.Kc4 b6 30.cxb6 axb6 31.b4 Bg7 32.b5+ Kb7 33.Na4 Nf7 34.Kd5 
f4 35.Bf2 g5 36.Nxb6 1-0

[Event "8th Essent op"]
[Site "Hoogeveen NED"]
[Date "2004.10.18"]
[Round "4.31"]
[White "Galje, Hans"]
[Black "Michielsen, Joost"]
[Result "0-1"]
[WhiteElo "2115"]
[BlackElo "2249"]
[EventDate "2004.10.15"]
[PlyCount "68"]

1.d4 d5 2.c4 c6 3.cxd5 cxd5 4.Bf4 Nc6 5.e3 Nf6 6.Nc3 a6 7.Bd3 e6 8.Rc1 Be7
9.Nf3 O-O 10.O-O Bd7 11.a3 Rc8 12.Ne5 Be8 13.g4 Nxe5 14.dxe5 Nd7 15.Qf3 f6
16.Qh3 g6 17.exf6 Bxf6 18.Bh6 Rf7 19.f4 Nc5 20.Bb1 d4 21.Ne4 Nxe4 22.Bxe4 
Rxc1 23.Rxc1 dxe3 24.f5 e2 25.Qf3 Bxb2 26.Re1 Qh4 27.Bd2 gxf5 28.gxf5 Bd4+
29.Kh1 Bb5 30.Rc1 Rc7 31.Re1 Rg7 32.Rc1 e1=Q+ 33.Rxe1 Qxe1+ 34.Bxe1 Rg1# 
0-1

[Event "8th Essent op"]
[Site "Hoogeveen NED"]
[Date "2004.10.18"]
[Round "4.32"]
[White "Struk, Jerzy"]
[Black "Knol, Geon"]
[Result "1/2-1/2"]
[WhiteElo "2237"]
[BlackElo "2110"]
[EventDate "2004.10.15"]
[PlyCount "91"]

1.Nf3 d5 2.d4 Nf6 3.c4 e6 4.Nc3 c6 5.Bg5 Be7 6.e3 Nbd7 7.Bd3 h6 8.Bh4 O-O 
9.O-O dxc4 10.Bxc4 Nd5 11.Bg3 N7f6 12.Bb3 Nxc3 13.bxc3 Ne4 14.Bc2 Nxg3 15.
hxg3 Bf6 16.e4 g6 17.e5 Be7 18.Qd3 a5 19.Rab1 b5 20.Qe4 Bd7 21.Qe3 Kg7 22.
Nd2 Rc8 23.Ne4 Qc7 24.Nc5 Rcd8 25.Rfd1 Bc8 26.Nd3 Rh8 27.Nf4 Rdg8 28.Qe4 
Kf8 29.a4 b4 30.cxb4 Bxb4 31.Nd3 Be7 32.Rb3 h5 33.Rc3 Bd7 34.Nc5 Bc8 35.
Qf3 Kg7 36.Be4 g5 37.Bxc6 g4 38.Qe4 Qd8 39.Nd3 h4 40.Nf4 Bb4 41.Rcd3 hxg3 
42.fxg3 Qe7 43.Rb3 Ba6 44.Nd3 Bc4 45.Rbb1 Bxd3 46.Rxd3 1/2-1/2

[Event "8th Essent op"]
[Site "Hoogeveen NED"]
[Date "2004.10.18"]
[Round "4.33"]
[White "Van Lommel, Patrick"]
[Black "Clemens, Adrian HP"]
[Result "0-1"]
[WhiteElo "2139"]
[BlackElo "2277"]
[EventDate "2004.10.15"]
[PlyCount "76"]

1.d4 d5 2.c4 dxc4 3.e3 e6 4.Bxc4 c5 5.Ne2 Nf6 6.O-O a6 7.a4 Nc6 8.Nbc3 
cxd4 9.Nxd4 Bd7 10.Nf3 Qc7 11.Qe2 Be7 12.e4 Ng4 13.g3 Nce5 14.Nxe5 Nxe5 
15.Ba2 O-O 16.Bf4 Bf6 17.Rac1 Qa5 18.Rfd1 Bxa4 19.Nxa4 Qxa4 20.Bb1 Rac8 
21.Rxc8 Rxc8 22.Bxe5 Bxe5 23.Qd3 g6 24.b3 Qc6 25.Kg2 b5 26.Kh3 Qc3 27.f4 
Qxd3 28.Bxd3 Bg7 29.e5 Rc3 30.Bf1 Rxb3 31.Ra1 Rb2 32.Rxa6 h5 33.Ra5 b4 34.
Bc4 Rc2 35.Ba2 Bf8 36.Ra8 Kg7 37.Ra7 Bc5 38.Bb3 Rb2 0-1

[Event "8th Essent op"]
[Site "Hoogeveen NED"]
[Date "2004.10.18"]
[Round "4.34"]
[White "Dogge, Marc"]
[Black "Cako, Laszlo"]
[Result "1-0"]
[WhiteElo "2202"]
[BlackElo "2137"]
[EventDate "2004.10.15"]
[PlyCount "49"]

1.e4 e5 2.Nf3 Nc6 3.Bb5 a6 4.Ba4 Nf6 5.d4 exd4 6.O-O Be7 7.Re1 b5 8.e5 
Nxe5 9.Nxe5 bxa4 10.Qxd4 O-O 11.Bg5 Rb8 12.Nd2 h6 13.Bh4 Rb6 14.Ndc4 Re6 
15.Na5 c5 16.Qxa4 Qc7 17.Bg3 Qb6 18.Nec4 Qb5 19.Qxb5 axb5 20.Rxe6 fxe6 21.
Nd6 Ba6 22.c4 Bd8 23.Nb3 bxc4 24.Nxc5 Ba5 25.Nxa6 1-0

[Event "8th Essent op"]
[Site "Hoogeveen NED"]
[Date "2004.10.18"]
[Round "4.35"]
[White "Van Weersel, Arlette"]
[Black "Wilson, Alexandra"]
[Result "1-0"]
[WhiteElo "2184"]
[BlackElo "2070"]
[EventDate "2004.10.15"]
[PlyCount "81"]

1.e4 e6 2.c4 d5 3.cxd5 exd5 4.exd5 Qxd5 5.Nc3 Qa5 6.d4 c6 7.Bc4 Nf6 8.Qb3 
Qc7 9.Nf3 b5 10.Bd3 Bd6 11.O-O O-O 12.h3 Be6 13.Qc2 h6 14.Ne4 Nbd7 15.Nxd6
Qxd6 16.Be3 Nb6 17.d5 Qxd5 18.Rfd1 Qh5 19.Be2 Bd5 20.Rd4 Bc4 21.Bd1 Rad8 
22.Rxd8 Rxd8 23.Nd4 Qg6 24.Qxg6 fxg6 25.Nxc6 Rd7 26.b3 Bf7 27.Nxa7 Rxa7 
28.Bxb6 Ra6 29.Bd4 Nd5 30.a4 bxa4 31.Rxa4 Rc6 32.Ra8+ Kh7 33.Bf3 Rc1+ 34.
Kh2 Nf6 35.b4 Rb1 36.Rb8 Nd5 37.b5 Rb4 38.Bc5 Rc4 39.Bd6 g5 40.Rb7 Kg6 41.
Rxf7 1-0

[Event "8th Essent op"]
[Site "Hoogeveen NED"]
[Date "2004.10.18"]
[Round "4.36"]
[White "Nagel, Yvette"]
[Black "Ahlers, Ben"]
[Result "1/2-1/2"]
[WhiteElo "2051"]
[BlackElo "2223"]
[EventDate "2004.10.15"]
[PlyCount "60"]

1.e4 e6 2.d4 d5 3.Nd2 Nf6 4.e5 Nfd7 5.f4 c5 6.c3 Nc6 7.Ndf3 Qb6 8.Ne2 Be7 
9.g3 O-O 10.Bh3 cxd4 11.cxd4 f6 12.Bxe6+ Kh8 13.Bxd5 fxe5 14.fxe5 Ndxe5 
15.dxe5 Nxe5 16.Nf4 Rxf4 17.Bxf4 Qb4+ 18.Ke2 Qb5+ 19.Kf2 Nd3+ 20.Kg2 Qxd5 
21.Qb3 Qf5 22.Rhd1 Nxf4+ 23.gxf4 Qg4+ 24.Kh1 Be6 25.Qe3 Bc5 26.Qxc5 Qxf3+ 
27.Kg1 Qg4+ 28.Kh1 Qf3+ 29.Kg1 Qg4+ 30.Kh1 Qf3+ 1/2-1/2

[Event "8th Essent op"]
[Site "Hoogeveen NED"]
[Date "2004.10.18"]
[Round "4.37"]
[White "Kleijn, Christov"]
[Black "Markus, John Raymond"]
[Result "1/2-1/2"]
[WhiteElo "2007"]
[BlackElo "2219"]
[EventDate "2004.10.15"]
[PlyCount "113"]

1.e4 e5 2.Nf3 Nc6 3.Bb5 a6 4.Ba4 Nf6 5.O-O b5 6.Bb3 Bc5 7.c3 d6 8.d4 Bb6 
9.Re1 Bb7 10.Bg5 h6 11.Be3 O-O 12.Nbd2 Ng4 13.Nf1 Nxe3 14.Nxe3 exd4 15.
cxd4 Na5 16.Bc2 Re8 17.Nf5 Qf6 18.Qd3 Nc6 19.a3 Rad8 20.Rad1 Bc8 21.Ne3 
Ne7 22.h4 g6 23.Nf1 c5 24.Qd2 cxd4 25.Qxh6 Nc6 26.h5 Ne5 27.hxg6 Nxf3+ 28.
gxf3 Qxg6+ 29.Qxg6+ fxg6 30.Ng3 Re5 31.f4 Rc5 32.Bb3+ Kg7 33.Rxd4 Bg4 34.
Rd2 Ba5 35.Red1 Bxd2 36.Rxd2 Bf3 37.Bc2 Rdc8 38.Rd3 Rxc2 39.Rxf3 Rxb2 40.
f5 Rf8 41.Rd3 a5 42.Rxd6 Rf6 43.Rd7+ Rf7 44.Rd6 Rf6 45.Rd7+ Kf8 46.e5 Rf7 
47.Rd8+ Ke7 48.Ra8 gxf5 49.Rxa5 Ke6 50.a4 f4 51.Ne4 Rb1+ 52.Kh2 Rh7+ 53.
Kg2 Kxe5 54.Nd2 Rb4 55.Rxb5+ Rxb5 56.axb5 Kd4 57.Kf3 1/2-1/2

[Event "8th Essent op"]
[Site "Hoogeveen NED"]
[Date "2004.10.18"]
[Round "4.39"]
[White "Groenewold, Jan Joris"]
[Black "Westerkamp, Bert"]
[Result "1-0"]
[WhiteElo "2159"]
[BlackElo "2115"]
[EventDate "2004.10.15"]
[PlyCount "65"]

1.Nf3 Nf6 2.g3 b6 3.Bg2 Bb7 4.c4 e6 5.O-O Be7 6.d4 d6 7.Nc3 O-O 8.Qc2 Nbd7
9.Rd1 Qc8 10.Bf4 Re8 11.Rac1 Bf8 12.h3 e5 13.Be3 g6 14.b4 Bg7 15.Qb3 exd4 
16.Bxd4 Nh5 17.Bxg7 Nxg7 18.Nd5 a5 19.a3 axb4 20.axb4 Bxd5 21.cxd5 Rxe2 
22.Nd4 Re7 23.Nb5 Ne8 24.Qc3 Ra2 25.Ra1 Ree2 26.Rxa2 Rxa2 27.Rc1 Ndf6 28.
Nxd6 Nxd6 29.Qxf6 Re2 30.Bf3 Ne4 31.Qe5 f6 32.Qe6+ Qxe6 33.dxe6 1-0

[Event "8th Essent op"]
[Site "Hoogeveen NED"]
[Date "2004.10.19"]
[Round "5.3"]
[White "Brodsky, Mikhail"]
[Black "Zhang Pengxiang"]
[Result "0-1"]
[WhiteElo "2533"]
[BlackElo "2519"]
[EventDate "2004.10.15"]
[PlyCount "75"]

1.c4 e5 2.Nc3 Nf6 3.Nf3 Nc6 4.g3 Bb4 5.Bg2 O-O 6.O-O Re8 7.d3 d6 8.e4 Bg4 
9.h3 Bxf3 10.Bxf3 Nd4 11.Bg2 c6 12.a3 Ba5 13.b4 Bb6 14.Kh2 Nd7 15.Rb1 Nf8 
16.f4 exf4 17.Bxf4 Qe7 18.Na4 Nde6 19.Nxb6 axb6 20.Bc1 Nd4 21.Qd2 Ra7 22.
Qe3 c5 23.Rf2 Ng6 24.Bb2 Ne5 25.Bxd4 cxd4 26.Qxd4 Rxa3 27.Bf1 h5 28.Be2 h4
29.Rg1 Rea8 30.gxh4 Qxh4 31.Rg3 Ra1 32.Rfg2 Qf4 33.Qxb6 Re1 34.Rf2 Rh1+ 
35.Kxh1 Qxg3 36.Qd4 Ra2 37.Rg2 Qxh3+ 38.Kg1 0-1

[Event "8th Essent op"]
[Site "Hoogeveen NED"]
[Date "2004.10.19"]
[Round "5.4"]
[White "Erwich, Marc"]
[Black "Li Shilong"]
[Result "0-1"]
[WhiteElo "2336"]
[BlackElo "2526"]
[EventDate "2004.10.15"]
[PlyCount "130"]

1.e4 c5 2.Nf3 e6 3.d4 cxd4 4.Nxd4 a6 5.Bd3 Bc5 6.Nb3 Ba7 7.Qe2 Nc6 8.Be3 
d6 9.O-O Nge7 10.c4 e5 11.Nc3 O-O 12.Rad1 Ng6 13.Bb1 Nf4 14.Qd2 Bg4 15.f3 
Bxe3+ 16.Qxe3 Be6 17.Nd5 Qg5 18.Qd2 Rad8 19.Kh1 Qh5 20.Rfe1 Bxd5 21.cxd5 
Ne7 22.Rc1 Rd7 23.Rc3 g6 24.Rec1 f5 25.Rc7 Rxc7 26.Rxc7 fxe4 27.Bxe4 Nf5 
28.Qe1 Qg5 29.Rc2 Ne7 30.Qc1 Qf6 31.Qd2 h5 32.Na5 b5 33.Rc7 Nf5 34.Nc6 h4 
35.Bxf5 gxf5 36.Ne7+ Kh8 37.g3 Nh5 38.gxh4 Nf4 39.h5 Rf7 40.Ng6+ Nxg6 41.
Qh6+ Kg8 42.Rxf7 Kxf7 43.Qh7+ Qg7 44.hxg6+ Kf6 45.Qh4+ Kxg6 46.Qd8 Qf6 47.
Qd7 Kg5 48.Qc7 Kf4 49.Kg2 Qg5+ 50.Kf2 Qh4+ 51.Kg2 Qe1 52.Qxd6 Qe2+ 53.Kg1 
Qd1+ 54.Kf2 Qxf3+ 55.Ke1 Qe3+ 56.Kd1 Qd3+ 57.Kc1 Ke4 58.Qxa6 Qc4+ 59.Kd2 
Qxd5+ 60.Ke1 Qc5 61.Qh6 Qg1+ 62.Kd2 Qf2+ 63.Kc3 Qe3+ 64.Qxe3+ Kxe3 65.h4 
f4 0-1

[Event "8th Essent op"]
[Site "Hoogeveen NED"]
[Date "2004.10.19"]
[Round "5.5"]
[White "l`Ami, Erwin"]
[Black "Grooten, Herman"]
[Result "1-0"]
[WhiteElo "2516"]
[BlackElo "2391"]
[EventDate "2004.10.15"]
[PlyCount "63"]

1.d4 Nf6 2.c4 e6 3.Nc3 Bb4 4.Qc2 O-O 5.e4 c5 6.e5 cxd4 7.a3 dxc3 8.axb4 
Ng4 9.Qxc3 Nc6 10.b5 Ne7 11.Qg3 Nh6 12.Bxh6 Nf5 13.Bg5 f6 14.Bxf6 Rxf6 15.
Qc3 Rf7 16.g3 d5 17.exd6 Nxd6 18.Bg2 Qc7 19.Rc1 Qc5 20.Nf3 Ne4 21.Qc2 Qb4+
22.Ke2 Nc5 23.Qc3 a5 24.Qxb4 axb4 25.Ra1 Ra4 26.Ne5 Rc7 27.b6 Re7 28.Nd3 
Rxa1 29.Rxa1 Na6 30.c5 e5 31.Bd5+ Kf8 32.Rxa6 1-0

[Event "8th Essent op"]
[Site "Hoogeveen NED"]
[Date "2004.10.19"]
[Round "5.6"]
[White "Erenburg, Sergey"]
[Black "Van Beek, Alexander"]
[Result "1-0"]
[WhiteElo "2537"]
[BlackElo "2255"]
[EventDate "2004.10.15"]
[PlyCount "69"]

1.e4 e5 2.Nf3 Nc6 3.Bb5 a6 4.Ba4 Nf6 5.O-O Be7 6.Bxc6 dxc6 7.d3 Nd7 8.Nbd2
O-O 9.b3 f6 10.Bb2 Nc5 11.d4 exd4 12.Nxd4 Re8 13.Qe2 Bd6 14.Rae1 Qe7 15.f4
Bd7 16.Qf3 Qf7 17.Nc4 f5 18.exf5 Bxf5 19.Nxf5 Qxf5 20.Qc3 Qd7 21.Ne5 Bxe5 
22.Rxe5 Rxe5 23.Qxe5 b6 24.Re1 Rf8 25.g3 Rd8 26.f5 Qf7 27.g4 Rd2 28.Qe8+ 
Qxe8 29.Rxe8+ Kf7 30.Rc8 Rxc2 31.Rxc7+ Kg8 32.Bxg7 Ne4 33.Bh6 c5 34.g5 Nd6
35.Rg7+ 1-0

[Event "8th Essent op"]
[Site "Hoogeveen NED"]
[Date "2004.10.19"]
[Round "5.7"]
[White "Lahaye, Rick"]
[Black "Baklan, Vladimir"]
[Result "0-1"]
[WhiteElo "2330"]
[BlackElo "2591"]
[EventDate "2004.10.15"]
[PlyCount "74"]

1.Nf3 Nf6 2.c4 g6 3.Nc3 Bg7 4.d4 O-O 5.g3 d6 6.Bg2 Nc6 7.O-O a6 8.Ne1 Rb8 
9.Nc2 e5 10.d5 Ne7 11.e4 Nd7 12.Be3 f5 13.Qd2 Nf6 14.f3 Nh5 15.b4 f4 16.
Bf2 g5 17.g4 Nf6 18.c5 h5 19.h3 Ng6 20.Rfc1 hxg4 21.hxg4 Nxg4 22.fxg4 Bxg4
23.b5 Bh5 24.bxa6 bxa6 25.cxd6 cxd6 26.Rab1 g4 27.Rxb8 Qxb8 28.Rb1 Qc8 29.
Ne2 g3 30.Nxg3 fxg3 31.Bxg3 Nf4 32.Rb3 Bh6 33.Bxf4 Bxf4 34.Qc3 Qd7 35.Ne3 
Qa7 36.Kh1 Qh7 37.Nf5 Bf3+ 0-1

[Event "8th Essent op"]
[Site "Hoogeveen NED"]
[Date "2004.10.19"]
[Round "5.8"]
[White "Romanishin, Oleg"]
[Black "Pel, Bonno"]
[Result "1-0"]
[WhiteElo "2543"]
[BlackElo "2312"]
[EventDate "2004.10.15"]
[PlyCount "115"]

1.d4 d6 2.g3 g6 3.Bg2 Bg7 4.Nf3 Nf6 5.O-O O-O 6.c4 Nc6 7.Nc3 Bg4 8.h3 Bxf3
9.Bxf3 Nd7 10.e3 e5 11.dxe5 Bxe5 12.Bd2 Nc5 13.Bg2 Bg7 14.Rb1 a5 15.b3 Ne5
16.Qe2 Re8 17.Rfd1 c6 18.Be1 Qe7 19.Kh1 f5 20.Qc2 Nf7 21.a3 h5 22.h4 Ne4 
23.Ne2 Kh7 24.Nf4 Qf6 25.Rdc1 Qe5 26.Qd1 Qe7 27.Rc2 Nc5 28.Nh3 a4 29.b4 
Nb3 30.Bc3 Bxc3 31.Rxc3 Rad8 32.Qc2 Rd7 33.Rd1 Kh6 34.Kg1 Ne5 35.e4 fxe4 
36.Bxe4 Qf6 37.Ng5 Rde7 38.Re3 b5 39.cxb5 d5 40.Bg2 d4 41.Ne4 Qf5 42.Rxb3 
axb3 43.Qd2+ Kh7 44.bxc6 Nf7 45.f3 Rd8 46.Qd3 b2 47.Qb3 Nd6 48.Ng5+ Kh6 
49.Qxb2 Nc4 50.Qc1 Ne3 51.Ne4 Rxe4 52.fxe4 Qe5 53.Kh2 g5 54.c7 Re8 55.Qc6+
Kh7 56.Qd7+ Kg6 57.Rxd4 gxh4 58.Qd6+ 1-0

[Event "8th Essent op"]
[Site "Hoogeveen NED"]
[Date "2004.10.19"]
[Round "5.10"]
[White "Delemarre, Jop"]
[Black "Afek, Yochanan"]
[Result "1/2-1/2"]
[WhiteElo "2449"]
[BlackElo "2322"]
[EventDate "2004.10.15"]
[PlyCount "60"]

1.d4 Nf6 2.c4 c5 3.d5 e6 4.Nc3 exd5 5.cxd5 d6 6.Nf3 g6 7.Nd2 Bg7 8.Nc4 O-O
9.g3 b6 10.a4 Ba6 11.Na3 Nbd7 12.Bg2 Re8 13.O-O Nh5 14.Nab5 Ne5 15.h3 f5 
16.e4 fxe4 17.Nxe4 Nf7 18.Qb3 Nf6 19.Ng5 Nxg5 20.Bxg5 Qd7 21.Rfe1 Bxb5 22.
axb5 Rxe1+ 23.Rxe1 Qf5 24.Bf4 Re8 25.Qd1 Bf8 26.Rxe8 Nxe8 27.Qe2 Nc7 28.
Bf3 Qf7 29.Qd3 Qf5 30.Qe2 Qf7 1/2-1/2

[Event "8th Essent op"]
[Site "Hoogeveen NED"]
[Date "2004.10.19"]
[Round "5.12"]
[White "Swinkels, Robin"]
[Black "Jonkman, Harmen"]
[Result "1/2-1/2"]
[WhiteElo "2231"]
[BlackElo "2417"]
[EventDate "2004.10.15"]
[PlyCount "112"]

1.e4 e5 2.Nf3 Nc6 3.d4 exd4 4.Nxd4 Bb4+ 5.c3 Bc5 6.Be3 Bb6 7.Bc4 d6 8.O-O 
Nf6 9.Bg5 Ne5 10.Be2 h6 11.Bxf6 Qxf6 12.Nd2 O-O 13.Nc4 Nxc4 14.Bxc4 Be6 
15.Qd3 Bxc4 16.Qxc4 Rfe8 17.Rae1 Rad8 18.Nf3 Re6 19.Re2 d5 20.exd5 Rxd5 
21.Rxe6 Qxe6 22.Re1 Qf5 23.Qe4 Qxe4 24.Rxe4 f5 25.Re5 Rd1+ 26.Re1 Rd8 27.
Kf1 Kf7 28.Re2 Rd1+ 29.Re1 Rd8 30.Re2 Rd1+ 31.Re1 Rd5 32.Re5 Rxe5 33.Nxe5+
Ke6 34.Nd3 Kd5 35.Ke2 c6 36.h3 Bc7 37.f3 a5 38.Kd1 b5 39.Nc1 Be5 40.Ne2 h5
41.Kd2 c5 42.Kc2 c4 43.a3 Kc5 44.Kd2 b4 45.axb4+ axb4 46.cxb4+ Kb5 47.Kc2 
Kxb4 48.Nc1 Kc5 49.Ne2 Kb4 50.Nc1 g5 51.Ne2 g4 52.Nc1 gxh3 53.gxh3 Kc5 54.
Ne2 Kd5 55.b3 cxb3+ 56.Kxb3 Ke6 1/2-1/2

[Event "8th Essent op"]
[Site "Hoogeveen NED"]
[Date "2004.10.19"]
[Round "5.16"]
[White "Bitalzadeh, Ali"]
[Black "Spoelman, Wouter"]
[Result "0-1"]
[WhiteElo "2289"]
[BlackElo "2357"]
[EventDate "2004.10.15"]
[PlyCount "136"]

1.e4 c5 2.Nf3 d6 3.d4 cxd4 4.Nxd4 Nf6 5.Nc3 a6 6.Be2 e5 7.Nb3 Be7 8.Be3 
O-O 9.O-O Be6 10.f4 exf4 11.Rxf4 Nc6 12.Nd5 Bxd5 13.exd5 Ne5 14.Rb4 Qc7 
15.Bb6 Qc8 16.a4 Nfd7 17.Bf2 Qc7 18.Nd4 g6 19.a5 Bf6 20.c3 Rfe8 21.Nf3 
Nxf3+ 22.Bxf3 Re7 23.Qb3 Ne5 24.Be2 Rae8 25.c4 Bg7 26.Rb6 Nd7 27.Rxb7 Qc8 
28.Rxd7 Rxd7 29.Qc2 Rb7 30.Rb1 Qf5 31.Qxf5 gxf5 32.Bd3 Rxb2 33.Rxb2 Bxb2 
34.c5 dxc5 35.Bxc5 Rd8 36.d6 Bd4+ 37.Bxd4 Rxd6 38.Bxa6 Rxd4 39.Bb7 Ra4 40.
a6 Ra2 41.Kf1 Kf8 42.Ke1 Ke7 43.Kd1 Kd6 44.Kc1 Kc7 45.Kb1 Rf2 46.Kc1 h5 
47.h3 h4 48.Kb1 f4 49.Kc1 Kb6 50.Kb1 f3 51.Bxf3 Kxa6 52.Kc1 Kb5 53.Kd1 Kc5
54.Ke1 Rb2 55.Kf1 Rb1+ 56.Kf2 Kd4 57.Bh5 f5 58.Kf3 Ke5 59.Bf7 Ra1 60.Bg8 
Ra3+ 61.Kf2 Kf4 62.Be6 Rc3 63.Bd5 Rc2+ 64.Kg1 Kg3 65.Kf1 f4 66.Bb7 Rf2+ 
67.Kg1 Rb2 68.Be4 Re2 0-1

[Event "8th Essent op"]
[Site "Hoogeveen NED"]
[Date "2004.10.19"]
[Round "5.17"]
[White "Okkes, Menno"]
[Black "Vroombout, Enrico"]
[Result "1-0"]
[WhiteElo "2353"]
[BlackElo "2141"]
[EventDate "2004.10.15"]
[PlyCount "61"]

1.e4 c5 2.Nf3 d6 3.d4 cxd4 4.Qxd4 Nc6 5.Bb5 Bd7 6.Bxc6 Bxc6 7.Nc3 Nf6 8.
Bg5 e6 9.O-O-O Be7 10.Qd3 Qa5 11.Kb1 O-O 12.h4 Rfc8 13.Nd4 Rab8 14.f4 h6 
15.f5 e5 16.Bxf6 Bxf6 17.Nb3 Qd8 18.Qh3 b5 19.g4 b4 20.Nd5 Rb5 21.g5 Bxd5 
22.exd5 Be7 23.f6 Bf8 24.fxg7 Bxg7 25.gxh6 Bxh6 26.Rhg1+ Kh8 27.Qf5 Qc7 
28.Rg2 Rbb8 29.Qh5 Kh7 30.Rf1 Rf8 31.Rf6 1-0

[Event "8th Essent op"]
[Site "Hoogeveen NED"]
[Date "2004.10.19"]
[Round "5.18"]
[White "Ernst, Sipke"]
[Black "Doggers, Peter"]
[Result "1-0"]
[WhiteElo "2521"]
[BlackElo "2292"]
[EventDate "2004.10.15"]
[PlyCount "67"]

1.Nf3 Nf6 2.c4 g6 3.Nc3 Bg7 4.d4 O-O 5.e4 d6 6.h3 Na6 7.Bg5 Qe8 8.Bd3 e5 
9.dxe5 dxe5 10.Nd5 Nxd5 11.cxd5 Nc5 12.Rc1 Nxd3+ 13.Qxd3 f6 14.Be3 Rf7 15.
O-O Bd7 16.Nd2 c6 17.Nc4 Bf8 18.f4 cxd5 19.exd5 e4 20.Qd2 Rd8 21.Bxa7 Bb5 
22.Be3 Bxc4 23.Rxc4 f5 24.Rd1 Qb5 25.b3 Rfd7 26.Qc2 Rxd5 27.Rxd5 Rxd5 28.
a4 Qa6 29.Rc8 Qd3 30.Qxd3 exd3 31.Bd2 Rd7 32.a5 Kf7 33.Kf2 Re7 34.Rxf8+ 
1-0

[Event "8th Essent op"]
[Site "Hoogeveen NED"]
[Date "2004.10.19"]
[Round "5.19"]
[White "Pruijssers, Roeland"]
[Black "De Vreugt, Dennis"]
[Result "0-1"]
[WhiteElo "2295"]
[BlackElo "2466"]
[EventDate "2004.10.15"]
[PlyCount "118"]

1.e4 c5 2.Nf3 Nc6 3.Bb5 g6 4.O-O Bg7 5.c3 Nf6 6.Re1 O-O 7.h3 Qb6 8.Bc4 e5 
9.Na3 d6 10.Nc2 Re8 11.d3 Na5 12.Ne3 Nxc4 13.dxc4 Qc6 14.Nd5 Nxd5 15.cxd5 
Qc7 16.c4 f5 17.exf5 gxf5 18.Ng5 h6 19.Qh5 Qe7 20.Nf3 Qf7 21.Qxf7+ Kxf7 
22.Rb1 Bd7 23.b4 cxb4 24.Rxb4 b6 25.Nd2 e4 26.Bb2 Bxb2 27.Rxb2 Rac8 28.Rb3
Re7 29.f3 exf3 30.Rxe7+ Kxe7 31.Rxf3 Rc5 32.Rd3 a5 33.Rd4 a4 34.Nf3 b5 35.
cxb5 Bxb5 36.Kf2 Kf6 37.g4 fxg4 38.Rf4+ Ke7 39.Re4+ Kd7 40.Rxg4 Rxd5 41.
Nd4 Bc4 42.a3 Kc8 43.Ke3 Kb7 44.Kd2 Kb6 45.Kc3 Bb5 46.Nxb5 Kxb5 47.Rb4+ 
Ka5 48.Rh4 h5 49.Rf4 Rb5 50.Kc4 d5+ 51.Kd4 Rb3 52.Rh4 Rxa3 53.Rxh5 Rg3 54.
Rxd5+ Kb4 55.h4 a3 56.Rd8 a2 57.Rb8+ Ka3 58.Ra8+ Kb2 59.Ke5 Ra3 0-1